00551 a2200169 450000500170000002000180001708200140003510000200004924500500006925000120011926000440013130000600017570000190023585600990025494200130035399900150036620250609121217.0 a0-471-35083-4 a658.2 FIG aFIGLIOLA, R. S. aTheory and Design for Mechanical Measurements a3rd Ed. anew YorkbJohn Wiley & Sons, Inc.c2000 axiv,536p.: figures, tablesbGlossary & Indexc26cm.eCD aBEASLEY, D. E. yAccess Online BookfTheory and Design for Mechanical Measuremensdhttp://www.wiley.com/college 2ddccBKS c3502d3502